Statistiques concernant Paroles Le chemin

Cliquez ici pour prendre le quiz!

Statistiques générales

  • Ce quiz a été pris 1 122 fois
  • Le résultat moyen est 126 sur 155

Statistiques - réponses

Réponse% Correct
chemin
97%
le
97%
à
96%
a
96%
de
94%
je
94%
Je
94%
la
93%
mon
92%
on
92%
On
92%
parcouru
92%
te
92%
Et
91%
mais
91%
Mais
91%
tout
91%
corps
90%
en
90%
t'adore
89%
hais
87%
distance
86%
encore...
82%
silence
82%
tenu
82%
souffert
80%
dans
76%
les
75%
ton
72%
qui
70%
regarde
69%
une
68%
nos
67%
suis
67%
ce
66%
coeur
64%
l'ombre
64%
lueur
64%
nous
64%
assise
62%
mains
62%
mensonges
62%
jusqu'à
61%
longue
61%
est
58%
maison
57%
sur
57%
glacées
56%
l'ongle
56%
Regarde-toi
56%
verre
56%
vis
56%
changé
54%
comme
54%
moitié
53%
remplie
53%
Sans
53%
yeux
53%
ronge
52%
eau
51%
l'autre
51%
fantôme
50%
l'étranger
49%
niveau
49%
monte
48%
seuls
47%
fermer
45%
pôle
45%
s'arrêter
45%
s'égare
39%
Seulement
34%

Distribution des résultats

Percentile par nombre de réponses

% des personnes avec chaque résultat

Votre développement - résultats

Vous n’avez pas pris ce quiz